| Tag |
First Indicator |
Second Indicator |
Subfields |
| LEADER |
00000cam a2200000Ii 4500 |
| 001 |
in00004036634 |
| 005 |
20181024084150.0 |
| 008 |
830616s1712 enk 000 0 eng d |
| 035 |
|
|
|a (OCoLC)ocm23645716
|
| 035 |
|
|
|a (OCoLC)23645716
|
| 040 |
|
|
|a EYM
|b eng
|c EYM
|d OCLCQ
|d OCLCG
|d OCLCQ
|d OCLCF
|d OCLCQ
|d OCLCO
|d OCL
|d TXA
|d UtOrBLW
|
| 043 |
|
|
|a e-uk---
|
| 049 |
|
|
|a TXAM
|
| 050 |
|
4 |
|a DA496.1712
|b A65
|
| 100 |
1 |
|
|a Arbuthnot, John,
|d 1667-1735,
|e supposed author.
|
| 240 |
1 |
0 |
|a Law is a bottomless-pit.
|p Part 2
|
| 245 |
1 |
0 |
|a John Bull in his senses :
|b being the second part of Law is a bottomless-pit. Printed from a manuscript found in the cabinet of the famous Sir Humphry Polesworth.
|
| 264 |
|
1 |
|a London :
|b Printed for John Morphew near Stationer's-Hall,
|c 1712.
|
| 300 |
|
|
|a 24 pages ;
|c 18 cm (octavo)
|
| 336 |
|
|
|a text
|b txt
|2 rdacontent
|
| 337 |
|
|
|a unmediated
|b n
|2 rdamedia
|
| 338 |
|
|
|a volume
|b nc
|2 rdacarrier
|
| 500 |
|
|
|a Attributed to John Arbuthnot. Sir Humphry Polesworth is a pseudonym. Cf. ESTC.
|
| 500 |
|
|
|a Attributed also to Jonathan Swift.
|
| 500 |
|
|
|a Title within double-rule border.
|
| 500 |
|
|
|a Second of five pamphlets, commonly called Law is a bottomless pit, or, The history of John Bull; a satire on the War of the Spanish Succession.
|
| 500 |
|
|
|a Signatures: A-C⁴.
|
| 500 |
|
|
|a Price from imprint: "Price 3d."
|
| 500 |
|
|
|a In this issue, line 9, page 8 reads: 'bring'; line 24 reads 'yielded'; and there are four advertisements on page 24. Cf. ESTC.
|
| 500 |
|
|
|a The Cushing Library/Rare Books copy was acquired as part of the Lois Goddard Morrison Collection of Eighteenth Century Literature.
|5 TXA
|
| 500 |
|
|
|a The Cushing Library/Rare Books Collection copy is bound with: Law is a bottomless-pit -- John Bull in his senses -- John Bull still in his senses -- Lewis Baboon turned honest, and John Bull, politician -- Appendix to John Bull still in his senses.
|5 TXA
|
| 510 |
4 |
|
|a English short title catalogue,
|c N10231
|
| 650 |
|
0 |
|a Spanish Succession, War of, 1701-1714
|v Humor
|v Early works to 1800.
|
| 650 |
|
0 |
|a Political satire, English
|v Early works to 1800.
|
| 651 |
|
0 |
|a Great Britain
|x Politics and government
|y 1702-1714
|v Pamphlets.
|
| 651 |
|
0 |
|a Great Britain
|x History
|y Anne, 1702-1714
|v Pamphlets.
|
| 650 |
|
7 |
|a Politics and government.
|2 fast
|0 (OCoLC)fst01919741
|
| 651 |
|
7 |
|a Great Britain.
|2 fast
|0 (OCoLC)fst01204623
|
| 648 |
|
7 |
|a 1702-1714
|2 fast
|
| 655 |
|
7 |
|a Pamphlets.
|2 fast
|0 (OCoLC)fst01423837
|
| 700 |
1 |
|
|a Swift, Jonathan,
|d 1667-1745,
|e supposed author.
|0 http://id.loc.gov/authorities/names/n78096912
|
| 700 |
1 |
|
|a Morphew, John,
|e printer.
|0 http://id.loc.gov/authorities/names/nr93027031
|
| 752 |
|
|
|a England
|d London.
|
| 948 |
|
|
|a cataloged
|b h
|c 2018/8/20
|d enhance
|e fpiscitelli
|f 11:36:23 am
|
| 994 |
|
|
|a C0
|b TXA
|
| 999 |
f |
f |
|s 9474a3ea-1ff9-3d0c-b044-590fe3174dc1
|i a10f4d7e-7e30-3638-a1e3-8dea2159e0d3
|t 0
|
| 952 |
f |
f |
|p noncirc
|a Texas A&M University
|b College Station
|c Cushing Memorial Library & Archives
|d Cushing: Rare Books (Does not check out)
|t 0
|e DA495 1712 .A64
|h Library of Congress classification
|i unmediated -- volume
|
| 952 |
f |
f |
|a Texas A&M University
|b College Station
|c Cushing Memorial Library & Archives
|d Cushing: Rare Books (Does not check out)
|t 0
|e DA495 1712 .A64
|h Library of Congress classification
|
| 998 |
f |
f |
|a DA495 1712 .A64
|t 0
|l Cushing: Rare Books (Does not check out)
|